Campo de partida: educación ambiental y educación para el desarrollo sustentable: ¿tensión o transición? /

Uloženo v:
Podrobná bibliografie
Hlavní autor: González Gaudiano, Edgar Javier
Médium: Text
Témata:
Tagy: Přidat tag
Žádné tagy, Buďte první, kdo vytvoří štítek k tomuto záznamu!

MARC

LEADER 00000 a a2200000 04500
001 18778
003
040
100 |a González Gaudiano, Edgar Javier  
245 |a Campo de partida:   |b educación ambiental y educación para el desarrollo sustentable: ¿tensión o transición? /  |c Edgar Javier González Gaudiano 
650 |a EDUCACION AMBIENTAL  
650 |a ECOLOGIA  
650 |a DISCURSOS  
650 |a MEDIO AMBIENTE  
650 |a DESARROLLO SOSTENIBLE  
773 |g volumen 8, número 20 -21; páginas 52-62  
999 |c 23038  |d 23038